LEADER 02147oam 2200505zu 450 001 9910872739003321 005 20241212214827.0 035 $a(CKB)111026746711568 035 $a(SSID)ssj0000455403 035 $a(PQKBManifestationID)12158168 035 $a(PQKBTitleCode)TC0000455403 035 $a(PQKBWorkID)10419542 035 $a(PQKB)10626139 035 $a(EXLCZ)99111026746711568 100 $a20160829d1995 uy 101 0 $aeng 181 $ctxt 182 $cc 183 $acr 200 00$a1995 digest of the LEOS summer topical meetings, August 7-11, 1995, at Keystone Resort, Keystone, Colorado 210 31$a[Place of publication not identified]$cInstitute of Electrical and Electronics Engineers$d1995 300 $aBibliographic Level Mode of Issuance: Monograph 311 08$a9780780324480 311 08$a078032448X 327 $aFlat panel display technology -- Technologies for a global information infrastructure / in cooperation with the IEEE Communications Society -- ICs for new age lightwave communications / in cooperation with the IEEE Solid State Circuits Council -- RF optoelectronics / co-sponsored by the IEEE Microwave Theory and Techniques Society. 606 $aOptical communications$vCongresses 606 $aLaser communication systems$vCongresses 606 $aOptoelectronic devices$vCongresses 606 $aElectrooptics$vCongresses 606 $aElectrical & Computer Engineering$2HILCC 606 $aTelecommunications$2HILCC 606 $aEngineering & Applied Sciences$2HILCC 615 0$aOptical communications 615 0$aLaser communication systems 615 0$aOptoelectronic devices 615 0$aElectrooptics 615 7$aElectrical & Computer Engineering 615 7$aTelecommunications 615 7$aEngineering & Applied Sciences 712 02$aLasers and Electro-optics Society (Institute of Electrical and Electronics Engineers) 801 0$bPQKB 906 $aBOOK 912 $a9910872739003321 996 $a1995 digest of the LEOS summer topical meetings, August 7-11, 1995, at Keystone Resort, Keystone, Colorado$92546366 997 $aUNINA LEADER 03912nam 22004813 450 001 9911012668803321 005 20250730080351.0 010 $a1-80511-669-X 010 $a1-80511-670-3 024 7 $a10.11647/OBP.0481 035 $a(CKB)39423465000041 035 $a(MiAaPQ)EBC32223424 035 $a(Au-PeEL)EBL32223424 035 $a(NjHacI)9939423465000041 035 $a(EXLCZ)9939423465000041 100 $a20250730d2025 uy 0 101 0 $aeng 135 $aur||||||||||| 181 $ctxt$2rdacontent 182 $cc$2rdamedia 183 $acr$2rdacarrier 200 10$a'Thou Shalt Not Stand Idly By' $eJews of Conscience on Palestine 205 $a1st ed. 210 1$aCambridge, UK :$cOpen Book Publishers,$d2025. 210 4$dİ2025. 215 $a1 online resource (168 pages) 311 08$a1-80511-668-1 327 $aContents -- About the Book -- About the Author -- I. RECLAIMING JEWISH VOICES OF CONSCIENCE ON ISRAEL-PALESTINE -- I.1 "A Land Without a People" -- I.2 The Zionist Idea -- I.3 Judaism Is not Zionism -- I.4 On Occupation -- I.5 On Divestment -- I.6 On Peace and Justice -- II. AMPLIFYING JEWISH VOICES OF JUSTICE ON ISRAELPALESTINE -- II.1 Democracy, Equality, Refugees -- II.2 Apartheid and Boycott, Divestment, and Sanctions (BDS) -- II.3 Zionism, Then and Now -- II.4 Nonviolent Activism -- II.5 As a Jew -- II.6 Antisemitism and Interfaith Relations -- III. ENGAGING JEWISH VOICES OF CONSCIENCE AND DISSENT, POST 7 OCTOBER 2023 -- III.1 Initial Responses: In the Aftermath of 7 October 2023 -- III.2 Considering the Context: Settler Colonialism, Supremacy, and Hubris -- III.3 Unbending the Arc: Genocide, Complicity, and Responsibility -- III.4 Critical Distinctions: Antisemitism, Zionism,and Judaism -- III.5 Praying With Our Feet: Jewish Values in Action -- III.6 A Moral Reckoning: Statements of Conscience -- III.7 The College Campus: Dissent, Repression, and Resistance -- III.8 Affirming the Prophetic: Hope in Action. 330 $aThis volume is a timely and powerful collection of Jewish dissent against Zionism and the impact of Israeli statehood on the indigenous Palestinian population. Bridging history, politics, theology, and conflict studies, this book traces a moral and intellectual tradition of resistance from within the global Jewish community-one rooted in values of justice, equality, and compassion. From early twentieth-century critics like Ahad Ha'am and Hannah Arendt to contemporary scholars, rabbis, journalists, and activists, the voices gathered here challenge the dominant narratives that conflate Judaism with Zionism. As violence escalates in Gaza and misinformation clouds public understanding, this book offers essential historical context and urgently needed counter-narratives. Through curated quotes, essays, and reflections, it documents how generations of Jews have spoken out-often at personal cost-against militarism, racism, and settler colonialism. In doing so, it reclaims an ethical tradition that links solidarity with Palestine with all struggles for justice throughout the world. This is an anti-war, anti-prejudice book for anyone seeking clarity amid polarization. In this unprecedented political moment, it is an essential resource for educators, activists, faith leaders, and all who value human rights. By amplifying voices of conscience, it deepens our understanding of Israel-Palestine relations and reminds us of the enduring power of moral dissent. 606 $aDiplomacy$xSocial aspects 606 $aHumanitarian assistance 615 0$aDiplomacy$xSocial aspects. 615 0$aHumanitarian assistance. 676 $a327.2 700 $aLandau$b Susan Eva 701 $aLandau$01831817 801 0$bMiAaPQ 801 1$bMiAaPQ 801 2$bMiAaPQ 906 $aBOOK 912 $a9911012668803321 996 $aThou Shalt Not Stand Idly By$94409693 997 $aUNINA